000
00319nam a22001217a 4500
082
_a
291 MOU
100
_a
Moucarry, Chawkat
245
_a
A Christian Perspective on Islam
260
_a
London
_b
World Vision International
_c
2008
300
_a
65
650
_a
COMPARATIVE RELIGION - iSLAM AND CHRISTIANITY
942
_c
BK
999
_c
20135
_d
20135